[Event "26th Abu Dhabi Master 2019"]
[Site "Abu Dhabi"]
[Date "2019.08.09"]
[Round "8.48"]
[White "Manush Shah"]
[Black "Ajay Krishna, S."]
[Result "0-1"]
[WhiteElo "2373"]
[BlackElo "2280"]
[Annotator "TA"]
[PlyCount "46"]
[EventDate "2019.08.02"]
[EventType "swiss"]
[EventCountry "UAE"]
[SourceTitle "playchess.com"]
[Source "ChessBase"]
[SourceQuality "1"]

1. d4 Nf6 2. Nf3 c5 3. e3 d5 4. Bd3 Nc6 5. O-O Bg4 6. c3 e6 7. Nbd2 Bd6 8. b3 O-O 9. Bb2 Qe7 10. Rc1 e5 11. dxe5 Nxe5 12. Be2 Rad8 13. Nxe5 Qxe5 14. g3 Qh5 15. Re1 Rfe8 16. Nf1 c4 17. f3 Bh3 18. Qd4 b6 19. b4 Bxf1 20. Rxf1 Qh6 21. e4 Bc7 22. Rcd1 b5 23. Bc1 Qh3 0-1

[Event "26th Abu Dhabi Master 2019"]
[Site "Abu Dhabi"]
[Date "2019.08.09"]
[Round "8.49"]
[White "Aakanksha Hagawane"]
[Black "Raja Rithvik R"]
[Result "0-1"]
[WhiteElo "2246"]
[BlackElo "2357"]
[Annotator "NA"]
[PlyCount "100"]
[EventDate "2019.08.02"]
[EventType "swiss"]
[EventCountry "UAE"]
[SourceTitle "playchess.com"]
[Source "ChessBase"]
[SourceQuality "1"]

1. e4 c5 2. Nf3 d6 3. Bb5+ Nd7 4. O-O Ngf6 5. Re1 a6 6. Bf1 b6 7. d4 cxd4 8. Nxd4 Bb7 9. f3 e6 10. c4 Be7 11. Nc3 O-O 12. Be3 Rc8 13. Rc1 Qc7 14. Qe2 Rfe8 15. Red1 Qb8 16. Qf2 Bd8 17. Kh1 Bc7 18. Qh4 Ne5 19. Qh3 Ng6 20. Bg5 Bd8 21. Qg3 h6 22. Bxf6 Bxf6 23. Nde2 Red8 24. b3 Rc5 25. Qf2 b5 26. cxb5 axb5 27. b4 Rc4 28. a3 d5 29. Qb6 Rdc8 30. exd5 Bxc3 31. Nxc3 Rxc3 32. Rxc3 Rxc3 33. dxe6 Qc7 34. Qxb5 Nf8 35. exf7+ Qxf7 36. Kg1 Kh8 37. a4 Qe7 38. Qb6 Rc2 39. Qd8 Qxb4 40. Rd4 Qa3 41. Qd6 Qe3+ 42. Kh1 Rc8 43. h3 Qf2 44. Rd1 Re8 45. a5 Ne6 46. Bb5 Bxf3 47. gxf3 Qxf3+ 48. Kh2 Nf4 49. Rd2 Qxh3+ 50. Kg1 Qg3+ 0-1

[Event "26th Abu Dhabi Master 2019"]
[Site "Abu Dhabi"]
[Date "2019.08.09"]
[Round "8.51"]
[White "Dixit, Nikhil"]
[Black "Adnan, Habib"]
[Result "1-0"]
[WhiteElo "2318"]
[BlackElo "2197"]
[Annotator "TA"]
[PlyCount "89"]
[EventDate "2019.08.02"]
[EventType "swiss"]
[EventCountry "UAE"]
[SourceTitle "playchess.com"]
[Source "ChessBase"]
[SourceQuality "1"]

1. e4 e6 2. d4 d5 3. exd5 exd5 4. c4 Nf6 5. Nc3 Bb4 6. Bd3 dxc4 7. Bxc4 O-O 8. Nge2 Nbd7 9. O-O Nb6 10. Bd3 h6 11. Bf4 Nbd5 12. Be5 b6 13. Nxd5 Nxd5 14. Be4 Be6 15. Nf4 Qd7 16. Nxe6 fxe6 17. Qb3 Be7 18. Qg3 Bf6 19. Qg6 Rad8 20. f4 Ne7 21. Qh7+ Kf7 22. f5 Bxe5 23. dxe5 Qd4+ 24. Kh1 Rh8 25. fxe6+ Kxe6 26. Bf5+ Kd5 27. Qxg7 Nxf5 28. Qf7+ Kc6 29. Rac1+ Kb5 30. Rxf5 Rhf8 31. Qb3+ Qb4 32. Qxb4+ Kxb4 33. Rxf8 Rxf8 34. h4 c5 35. Re1 Kc4 36. e6 Kd3 37. e7 Re8 38. Kg1 c4 39. Kf2 b5 40. a3 Kc2 41. Re2+ Kb3 42. Kf3 a5 43. Kf4 c3 44. bxc3 Kxa3 45. Re5 1-0

[Event "26th Abu Dhabi Master 2019"]
[Site "Abu Dhabi"]
[Date "2019.08.09"]
[Round "8.62"]
[White "Siva Mahadevan"]
[Black "Utsab Chatterjee"]
[Result "1-0"]
[WhiteElo "2270"]
[BlackElo "2150"]
[Annotator "NA"]
[PlyCount "101"]
[EventDate "2019.08.02"]
[EventType "swiss"]
[EventCountry "UAE"]
[SourceTitle "playchess.com"]
[Source "ChessBase"]
[SourceQuality "1"]

1. e4 c5 2. Nf3 d6 3. d4 cxd4 4. Nxd4 Nf6 5. Nc3 a6 6. Bg5 Nbd7 7. Bc4 Qa5 8. Qd2 e6 9. O-O-O b5 10. Bb3 Bb7 11. Rhe1 O-O-O 12. f4 h6 13. Bxf6 Nxf6 14. e5 Nd7 15. exd6 Nc5 16. f5 e5 17. Nf3 Bxd6 18. Bd5 e4 19. Bxb7+ Nxb7 20. Rxe4 b4 21. Nd5 Qxa2 22. Qd4 Bc5 23. Qe5 Nd6 24. Red4 Qa1+ 25. Kd2 Qa5 26. Ne7+ Kc7 27. Rd5 Kb6 28. Ke1 Qb5 29. Rxd6+ Bxd6 30. Rxd6+ Rxd6 31. Qxd6+ Kb7 32. Nd4 Qb6 33. Qd5+ Kc7 34. Nec6 Kc8 35. Qxf7 Qc7 36. Qxc7+ Kxc7 37. Nxb4 a5 38. Nd3 Kd6 39. Kd2 Rf8 40. c4 Re8 41. Ne6 Re7 42. Ke3 g6 43. c5+ Kd5 44. Ndf4+ Kc4 45. Nxg6 Re8 46. c6 Kb3 47. c7 Kxb2 48. Ne5 a4 49. Kd4 Kb3 50. Nc4 Rg8 51. h3 1-0

[Event "26th Abu Dhabi Master 2019"]
[Site "Abu Dhabi"]
[Date "2019.08.09"]
[Round "8.64"]
[White "Paramzina, Anastasya"]
[Black "Panesar Vedant"]
[Result "1-0"]
[WhiteElo "2300"]
[BlackElo "2092"]
[Annotator "TA"]
[PlyCount "147"]
[EventDate "2019.08.02"]
[EventType "swiss"]
[EventCountry "UAE"]
[SourceTitle "playchess.com"]
[Source "ChessBase"]
[SourceQuality "1"]

1. e4 c6 2. Nc3 d5 3. Nf3 Nf6 4. Qe2 Bg4 5. exd5 Bxf3 6. Qxf3 cxd5 7. Bb5+ Nc6 8. O-O e6 9. Ne2 Qb6 10. Ba4 Bd6 11. c3 Qa6 12. Bxc6+ bxc6 13. d4 Rb8 14. h4 Ne4 15. Qg4 g6 16. Nf4 h5 17. Qf3 c5 18. dxc5 Bxc5 19. Nh3 Ke7 20. Ng5 f5 21. b4 Bd6 22. Nxe4 dxe4 23. Bg5+ Kf7 24. Qe3 Be7 25. Bxe7 Kxe7 26. Rfd1 Rb7 27. Rd2 Kf7 28. Rad1 Re7 29. Rd7 Rhe8 30. Qh6 Qc8 31. Rxa7 Rxa7 32. Qh7+ Kf6 33. Qxa7 Qxc3 34. b5 Rc8 35. b6 Rd8 36. Qa4 Rd3 37. Rb1 e3 38. fxe3 Rxe3 39. b7 Re1+ 40. Rxe1 Qxe1+ 41. Kh2 Qe5+ 42. Kh3 Qc3+ 43. g3 Qc1 44. Qd4+ Kf7 45. Qd7+ Kf6 46. Qd4+ Kf7 47. Qd7+ Kf6 48. Kg2 Qc2+ 49. Kf3 Qe4+ 50. Kf2 Qc2+ 51. Kf3 Qe4+ 52. Kf2 Qc2+ 53. Ke3 Qc3+ 54. Ke2 Qc2+ 55. Ke1 Qc3+ 56. Kd1 Qf3+ 57. Kc2 Qg2+ 58. Kc3 Qxg3+ 59. Kc4 Qb8 60. a4 g5 61. Qc8 Qf4+ 62. Kb5 Qe5+ 63. Kc6 Qe4+ 64. Kc7 Qf4+ 65. Kd7 Qxa4+ 66. Kd8 Qa5+ 67. Ke8 Qb5+ 68. Qd7 Qxd7+ 69. Kxd7 gxh4 70. b8=Q Kg5 71. Kxe6 Kg4 72. Qh2 h3 73. Ke5 Kh4 74. Qf4# 1-0

[Event "26th Abu Dhabi Master 2019"]
[Site "Abu Dhabi"]
[Date "2019.08.10"]
[Round "9.19"]
[White "Aleksandrov, Aleksej"]
[Black "Rathanvel, V S"]
[Result "1/2-1/2"]
[WhiteElo "2571"]
[BlackElo "2367"]
[Annotator "ChessBase"]
[PlyCount "94"]
[EventDate "2019.08.02"]
[EventType "swiss"]
[EventCountry "UAE"]
[SourceTitle "playchess.com"]
[Source "ChessBase"]
[SourceQuality "1"]

1. Nf3 c5 2. e3 Nf6 3. d4 cxd4 4. exd4 g6 5. Bd3 Bg7 6. O-O O-O 7. c3 b6 8. Re1 Bb7 9. a4 a6 10. h3 d6 11. Bf4 Nbd7 12. Na3 Re8 13. Nc4 b5 14. axb5 axb5 15. Na3 e5 16. dxe5 dxe5 17. Bg5 e4 18. Bxb5 exf3 19. Rxe8+ Qxe8 20. Bxf6 Bxf6 21. Qxd7 Qxd7 22. Bxd7 fxg2 23. Bg4 h5 24. Be2 Re8 25. Bb5 Re6 26. Nc2 Rb6 27. c4 Rd6 28. c5 Rd5 29. Ba6 Rxc5 30. Bxb7 Rxc2 31. Be4 Rxb2 32. Rc1 Re2 33. Bf3 Rd2 34. Re1 Kg7 35. Kxg2 Bd4 36. Re2 Rd3 37. Re1 Rb3 38. Re7 Rb2 39. Re2 Rb5 40. Re7 Rf5 41. Rd7 Rf4 42. Re7 Rf6 43. Rc7 Kh6 44. Rc6 Rf4 45. Rd6 Kg5 46. Rd7 Kh4 47. Re7 g5 1/2-1/2

[Event "26th Abu Dhabi Master 2019"]
[Site "Abu Dhabi"]
[Date "2019.08.10"]
[Round "9.27"]
[White "Kiriakov, Petr"]
[Black "Assaubayeva, Bibisara"]
[Result "1/2-1/2"]
[WhiteElo "2516"]
[BlackElo "2375"]
[Annotator "ChessBase"]
[PlyCount "70"]
[EventDate "2019.08.02"]
[EventType "swiss"]
[EventCountry "UAE"]
[SourceTitle "playchess.com"]
[Source "ChessBase"]
[SourceQuality "1"]

1. d4 d5 2. c4 c6 3. Nf3 Nf6 4. e3 Bf5 5. cxd5 cxd5 6. Qb3 Qb6 7. Nc3 e6 8. Qxb6 axb6 9. Bb5+ Nfd7 10. Ne5 Bd6 11. Nxd7 Nxd7 12. Bd2 Ra5 13. Ke2 Ke7 14. Rhc1 Nf6 15. h3 h5 16. f3 h4 17. a3 Rha8 18. Kd1 e5 19. Bf1 Bd7 20. Ne2 Ra4 21. dxe5 Bxe5 22. Bb4+ Bd6 23. Bxd6+ Kxd6 24. Nd4 R4a5 25. Kd2 Rc5 26. Bd3 g5 27. Nb3 Rxc1 28. Rxc1 Nh5 29. Nd4 Ng3 30. Rc3 f5 31. Rb3 Kc7 32. Rc3+ Kd6 33. Rb3 Kc7 34. Rc3+ Kd6 35. Bb5 Bxb5 1/2-1/2

[Event "26th Abu Dhabi Master 2019"]
[Site "Abu Dhabi"]
[Date "2019.08.10"]
[Round "9.43"]
[White "Deshpande, Aniruddha"]
[Black "Krishnater Kushager"]
[Result "*"]
[WhiteElo "2234"]
[BlackElo "2324"]
[Annotator "TA"]
[PlyCount "37"]
[EventDate "2019.08.02"]
[EventType "swiss"]
[EventCountry "UAE"]
[SourceTitle "playchess.com"]
[Source "ChessBase"]
[SourceQuality "1"]

1. d4 Nf6 2. c4 g6 3. g3 c5 4. d5 b5 5. cxb5 a6 6. bxa6 Bg7 7. Nc3 O-O 8. Bg2 d6 9. Nf3 Nbd7 10. O-O Nb6 11. Re1 Bxa6 12. Nd2 Ra7 13. Qc2 Qa8 14. e4 Ng4 15. Nf3 Nc4 16. Bf4 Rb8 17. b3 Nce5 18. Nxe5 Nxe5 19. Rad1 *